Zisk v ekonomickom rozvoji poľnohospodárskych podnikov.

Výsledky analýzy nákladovej rentability súboru JRD SR. Zdroje tvorby zisku. Význam pridruženej výroby pre tvorbu a veľkosť podnikového zisku. Štruktúra a podiel cudzích zdrojov financovania podnikových potrieb v závislosti od tvorby zisku. Funkčné vzťahy medzi výkonmi, nákladmi a ziskom.

Na minha lista:
Detalhes bibliográficos
Autor principal: Bielik, Peter
Outros Autores: Zentková, E., Mináriková, E.
Formato: Capítulo de Livro
Idioma:eslovaco
Assuntos:
Tags: Adicionar Tag
Sem tags, seja o primeiro a adicionar uma tag!

MARC

LEADER 00000naa a2200000 4500
001 r005107
005 20221125081700.8
041 0 |a slo 
044 |a [CS] 
245 1 0 |a Zisk v ekonomickom rozvoji poľnohospodárskych podnikov.  |c Peter Bielik, E. Zentková, E. Mináriková 
520 |a Výsledky analýzy nákladovej rentability súboru JRD SR. Zdroje tvorby zisku. Význam pridruženej výroby pre tvorbu a veľkosť podnikového zisku. Štruktúra a podiel cudzích zdrojov financovania podnikových potrieb v závislosti od tvorby zisku. Funkčné vzťahy medzi výkonmi, nákladmi a ziskom. 
610 2 0 |a zisk podnikový 
610 2 0 |a podnik poľnohospodársky 
610 2 0 |a JRD 
610 2 0 |a Slovensko 
610 2 0 |a rentabilita výroby 
610 2 0 |a výkony podnikové 
610 2 0 |a náklady výrobné 
610 2 0 |a výroba pridružená 
610 2 0 |a zdroje finančné 
100 1 |a Bielik, Peter 
700 1 |a Zentková, E. 
700 1 |a Mináriková, E.